Biblioteca

The Oxford history of ancient Egypt (Registro nro. 68766)

Detalles MARC
000 -LÍDER
Campo fijo de descripción fija 01936nam a2200325 i 4500
001 - NÚMERO DE CONTROL
Campo de control 768714001
003 - IDENTIFICADOR DEL NÚMERO DE CONTROL
Campo de control CO-MdFUSB
005 - FECHA Y HORA DE LA ULTIMA TRANSACCIÓN
control field 20231024162843.0
007 - CAMPO FIJO DE DESCRIPCIÓN FIJA--INFORMACIÓN GENERAL
Campo fijo de descripción fija ta
008 - ELEMENTOS DE LONGITUD FIJA -- INFORMACIÓN GENERAL
Campo fijo de descripción fija -- Información general 010213t2000 enkabh b 001 | eng d
020 ## - NÚMERO INTERNACIONAL NORMALIZADO PARA LIBROS
Número Internacional Normalizado del libro 0198150342
040 ## - FUENTE DE CATALOGACIÓN
Agencia de catalogación original UKM
Agencia que realiza la transcripción CO-MdFUSB
Agencia que realiza la modificación CO-MdFUSB
Idioma de catalogación spa
Convenciones de la descripción rda
041 ## - CÓDIGO DE IDIOMA
Código de idioma para texto/pista de sonido o título separado eng
082 ## - NÚMERO DE CLASIFICACIÓN DECIMAL DEWEY
Número de la edición del Dewey 23
Número de clasificación 932
Clave de autor-Numero de item SH534a
245 #4 - TÍTULO
Título del Material The Oxford history of ancient Egypt
Mención de responsabilidad, etc. / editado por Ian Shaw
264 #1 - PRODUCCIÓN, PUBLICACIÓN, DISTRIBUCIÓN, MANUFACTURA, Y COPYRIGHT
Lugar de producción, publicación, distribución, manufactura Oxford, England :
Nombre del productor, publicador, distribuidor Oxford University Press,
Fecha de producción, publicación, distribución, manufactura, o copyright [2000]
264 #4 - PRODUCCIÓN, PUBLICACIÓN, DISTRIBUCIÓN, MANUFACTURA, Y COPYRIGHT
Fecha de producción, publicación, distribución, manufactura, o copyright ©2000
300 ## - DESCRIPCIÓN FÍSICA
Extensión 512 páginas :
Dimensiones 26 cm
336 ## - TIPO DE CONTENIDO
Fuente rdacontent
Término de tipo de contenido texto
Código de tipo de contenido txt
337 ## - TIPO DE MEDIO
Fuente rdamedia
Nombre del tipo de medio sin mediación
Código del tipo de medio n
338 ## - TIPO DE SOPORTE
Fuente rdacarrier
Nombre del tipo de soporte volumen
Código Tipo de soporte nc
505 ## - NOTA DE CONTENIDO
Nota de contenido con formato preestablecido Introducción : cronologías y cambio cultural en Egipto / Ian Shaw -- Prehistoria: del paleolítico a la cultura badariense (c. 700.000-4000 a. C.) / Stan Hendrickx y Pierre Vermeersch -- El período de Naqada (c. 4000-3200 a. C.) / Beatrix Midant-Reynes -- El surgimiento del estado egipcio (c. 3200-2686 a. C.) / Kathryn A. Bard -- El Reino Antiguo (c. 2686-2125 a. C.) / Jaromir Malek -- El primer período intermedio (c. 2160-2055 a. C.) / Stephan Seidlmayer -- El renacimiento del Reino Medio (c. 2055-1650 a. C.) / Gae Callender -- El segundo período intermedio (c. 1650-1550 a. C.) / Janine Bourriau -- La dinastía XVIII antes del período de Amarna (c. 1550-1352 a. C.) / Betsy M. Bryan -- El período de Amarna y el Nuevo Reino posterior (c. 1352-1069 a. C.) / Jacobus Van Dijk -- Egipto y el mundo exterior / Ian Shaw -- El tercer período intermedio (1069-664 a. C.) / John Taylor -- El período tardío (664-332 a. C.) / Alan B. Lloyd -- El período ptolemaico (332-30 a. C.) / Alan B. Lloyd -- El período romano (30 a. C.-395 d. C.) / David Peacock
563 ## - NOTA DE ENCUADERNACIÓN
Nota de encuadernación Tapa dura
651 #0 - ASIENTO SECUNDARIO DE MATERIA - NOMBRE GEOGRAFICO
Nombre geográfico Egipto.
653 ## - TÉRMINO DE INDIZACIÓN - NO CONTROLADO
Término no controlado Historia
700 ## - ASIENTO SECUNDARIO - NOMBRE PERSONAL
9 (RLIN) 8186
Nombre personal Shaw, Ian J.,
Responsabilidad editor
942 ## - TIPO DE MATERIAL (KOHA)
Tipo de Item KOHA Libros General
945 ## - INFORMACIÓN LOCAL DEL REGISTRO
Catalogador MAg 1104
Existencias
Estado de Material Estado de Perdido Forma de Clasificación Estado de Dañado No para Préstamo Colección Biblioteca de Origen Biblioteca Permanente Fecha de Adquisición Área Total de Préstamos Signatura Topográfica Código de Barras Última vez visto Ejemplar/Existencia Fecha de Remplazo Tipo de Material
    Dewey Decimal Classification     Colección General Biblioteca FUSBC Biblioteca FUSBC 22/04/2023 BIBLIA   G 932 SH534a 24068 22/04/2023 Ej. 1 22/04/2023 Libros General

Biblioteca FUSBC | Teléfono: (57+4) 349 88 10 Ext. 141| WhatsApp (+57) 3005338115 
E-mail: biblioteca@unisbc.edu.co | Calle 76 87-14 Robledo Palenque, Medellín, Colombia

Con tecnología Koha